Текст томруулах:    
Law on the State Great Khural (Parliament) Election of Mongolia (Бичлэгийн дугаар. 146420)
000 -УДИРДЛАГА
Удирдлага 02246nam a22003737a 4500
003 - ХЯНАЛТЫН ТОО ТОДОРХОЙЛОГЧ
Код MN-UlNUM
005 - БИЧИЛТ ХИЙСЭН ОГНОО
Тухайн бичилтийг бичсэн засварласан сүүлийн огноо 20260320110000.0
008 - ЕРӨНХИЙ МЭДЭЭЛЭЛ
Ерөнхий мэдээлэл 260311s2024 mp ||||| |||| 00| | eng d
040 ## - БИЧЛЭГ ҮҮСГЭГЧ БАЙГУУЛЛАГА
Бичлэг үүсгэгч номын сангийн код МУИС-ийн номын сан
084 ## - ББК АНГИЛАЛ
Нэмэлт тусгалт Нэг сэдэвт бүтээл
ББК ангилал 67.400.5(1)
Зохиогчийн гурван тэмдэгт L 41
Мэдлэгийн ялгаа 67 - Төр эрх, хууль
245 ## - ҮНДСЭН ГАРЧИГ
Номын нэр Law on the State Great Khural (Parliament) Election of Mongolia
260 ## - ГАРАЛТЫН МЭДЭЭ
Хэвлэгдсэн газар UB
Хэвлэгдсэн он 2024
300 ## - МАТЕРИАЛЫН ТОДОРХОЙЛОЛТ
хуудасны тоо 136
500 ## - Тайлбар
Дансны дугаар ГФ 20932-20934
505 ## - Агуулгын тэмдэглэгээ
Агуулгын тэмдэглэгээ The Law on the State Great Khural (Parliament) Election of Mongolia serves as a fundamental legal framework governing the organization, conduct, and regulation of parliamentary elections in Mongolia. As the primary legislation guiding the election of members to the State Great Khural of Mongolia, the law plays a crucial role in ensuring democratic governance, political representation, and the legitimacy of the national legislative body. This book provides an overview and explanation of the legal provisions that regulate the electoral process in Mongolia. It outlines the principles of democratic elections, the structure of the electoral system, and the responsibilities of institutions involved in organizing and supervising elections. The law also defines the rights and duties of voters, candidates, political parties, and election authorities, ensuring that elections are conducted in a fair, transparent, and accountable manner.
546 ## - ХЭЛНИЙ ТУХАЙ МЭДЭЭ
Хэл Англи хэл дээр,
653 ## - Түлхүүр үг
Түлхүүр үг law
653 ## - Түлхүүр үг
Түлхүүр үг election law
653 ## - Түлхүүр үг
Түлхүүр үг Parliament
740 ## - НОМЫН ГАРЧИГ
Гарчиг General Provisions
740 ## - НОМЫН ГАРЧИГ
Гарчиг Structure of Electoral Territory
740 ## - НОМЫН ГАРЧИГ
Гарчиг Electoral Body and its Organization
740 ## - НОМЫН ГАРЧИГ
Гарчиг Voter Registration list
740 ## - НОМЫН ГАРЧИГ
Гарчиг Party or Coalition Participating in Election
740 ## - НОМЫН ГАРЧИГ
Гарчиг Candidate Nomination and Registration of Candidate for Parliament (State Great Khural) Member
740 ## - НОМЫН ГАРЧИГ
Гарчиг Election Platform and Campaign
740 ## - НОМЫН ГАРЧИГ
Гарчиг Election Expenses
740 ## - НОМЫН ГАРЧИГ
Гарчиг Polling, Election Results
740 ## - НОМЫН ГАРЧИГ
Гарчиг Non-regular and By-Election Organization, and By-Polling, Additional and Re-Polling to Refill Vacant Seat
740 ## - НОМЫН ГАРЧИГ
Гарчиг Penalties for Violation of Electoral Legislation and the Jurisdiction for Complaint and Dispute Resolution
740 ## - НОМЫН ГАРЧИГ
Гарчиг Miscellaneous provision
942 ## - ЭЛЕМЕНТИЙН ТӨРӨЛ
Зүйлийн төрөл Ном